LEADER 01301nam0-2200397---450- 001 990001000200203316 010 $a88-387-0166-0 035 $a0100020 035 $aUSA010100020 035 $a(ALEPH)000100020USA01 035 $a0100020 100 $a20020227d1991----km-y0ITAy01------ba 101 $aita 102 $aIT 105 $a00||| 200 1 $aOrdinamento delle autonomie locali$ecommento alla Legge 8 giugno 1990, n. 142$ebibliografia, giurisporudenza, pareri, atti di controllo, circolari, altri documenti, schemi$fLuciano Vandelli 205 $a2 ed. 210 $aRimini$cMaggioli$d1991 215 $a588 p.$d22 cm 225 2 $aStrumenti di diritto pubblico$v5 410 0$12001$aStrumenti di diritto pubblico$v5 606 $aEnti locali$xOrdinamento 676 $a342.450902638 700 1$aVANDELLI,$bLuciano$0115586 801 0$aIT$bsalbc$gISBD 912 $a990001000200203316 951 $aCOLL. HQT 5$b73265 EC$cCOLL. HQT 959 $aBK 969 $aECO 979 $aPATTY$b90$c20020227$lUSA01$h1047 979 $aPATTY$b90$c20020227$lUSA01$h1048 979 $aPATTY$b90$c20020227$lUSA01$h1051 979 $c20020403$lUSA01$h1741 979 $aPATRY$b90$c20040406$lUSA01$h1709 996 $aOrdinamento delle autonomie locali$9643914 997 $aUNISA LEADER 00889nam0-2200313---450 001 990009372830403321 005 20211222131304.0 010 $a978-88-6008-303-6 035 $a000937283 100 $a20110607d2010----km-y0itay50------ba 101 0 $aita 102 $aIT 105 $a--------001yy 200 1 $aManuale di geografia del turismo$edal Grand Tour ai Sistemi turistici$fLorenzo Bagnoli 205 $a2. ed. 210 $aTorino$cUtet$dc2010 215 $aIX, 178 p.$cill.$d24 cm 610 0 $aGeografia del turismo 610 0 $aTurismo$aEconomia 700 1$aBagnoli,$bLorenzo$0276251 801 0$aIT$bUNINA$gRICA$2UNIMARC 901 $aBK 912 $a990009372830403321 952 $aA-G 0854$bB.F.L.F. 61332$fILFGE 952 $aGEOTUR6A$b19798$fDECBC 959 $aDECBC 959 $aILFGE 996 $aManuale di geografia del turismo$9227288 997 $aUNINA